[Event "Titled Tuesday intern op 07th Dec"]
[Site "Chess.com INT"]
[Date "2021.12.07"]
[Round "9"]
[White "Bloomer, Josh S"]
[Black "Romero Ruscalleda, Josep"]
[Result "1-0"]
[WhiteElo "2179"]
[BlackElo "2181"]
[PlyCount "77"]
[EventDate "2021.12.07"]
[EventType "swiss (blitz)"]
[EventRounds "11"]
[EventCountry "USA"]
[SourceTitle "CBM 205 Extra"]
[Source "ChessBase"]
[SourceDate "2022.01.31"]
[SourceVersion "1"]
[SourceVersionDate "2022.01.31"]
[SourceQuality "1"]

1. e4 g6 2. d4 Bg7 3. Nc3 d6 4. Be3 a6 5. Qd2 b5 6. f3 Nd7 7. h4 h5 8. Nh3 Bb7 9. 0-0-0 e6 10. Ng5 Qe7 11. Kb1 0-0-0 12. Bxb5 axb5 13. Nxb5 Nb6 14. Qa5 Kd7 15. Nxc7 Kxc7 16. d5 Kd7 17. Bxb6 Rc8 18. Qb5+ Bc6 19. dxc6+ Rxc6 20. e5 d5 21. Ne4 Qe8 22. Nd6 Qa8 23. c4 Ne7 24. cxd5 Nxd5 25. Rxd5 exd5 26. Nxf7 Ke7 27. Nxh8 Bxh8 28. Bc5+ Kf7 29. f4 Bg7 30. e6+ Kxe6 31. Re1+ Kf7 32. Re7+ Kg8 33. Rb7 Qa6 34. Qxa6 Rxa6 35. b4 Ra3 36. b5 Rc3 37. Rxg7+ Kxg7 38. Bd4+ Kf7 39. Bxc3 1-0

[Event "Colorado-ch"]
[Site "Lone Tree"]
[Date "2019.04.??"]
[Round "2"]
[White "Andersen, Gunnar James"]
[Black "Bloomer, Josh S"]
[Result "0-1"]
[WhiteElo "2200"]
[BlackElo "1950"]
[PlyCount "76"]
[EventDate "2019.04.05"]
[EventType "tourn"]
[EventRounds "5"]
[EventCountry "USA"]
[SourceTitle "EXT 2020"]
[Source "ChessBase"]
[SourceDate "2019.10.17"]
[SourceVersion "1"]
[SourceVersionDate "2019.10.17"]
[SourceQuality "1"]

1. e4 c5 2. Nf3 d6 3. d4 cxd4 4. Qxd4 Nc6 5. Bb5 Bd7 6. Bxc6 Bxc6 7. Nc3 Nf6 8. Bg5 e6 9. 0-0-0 Be7 10. Rhe1 0-0 11. e5 dxe5 12. Qh4 Qe8 13. Nxe5 h6 14. Bxh6 gxh6 15. Qxh6 Nh7 16. f4 Kh8 17. g4 Rg8 18. Rd3 Rd8 19. Rh3 Rg7 20. Kb1 f6 21. Nd3 Qf7 22. Rhe3 Rxg4 23. Rxe6 Bf8 24. Qh3 Rg7 25. f5 Kg8 26. R6e3 Ng5 27. Qf1 Qc4 28. Qf2 Rd4 29. Qe2 b5 30. Nd1 Rh4 31. Rg3 Bd6 32. Ne3 Qf7 33. Rgg1 Rxh2 34. Qd1 Nf3 35. Ng4 Nxe1 36. Nxe1 Qf8 37. Nf3 Bxf3 38. Qxf3 Rh4 0-1

[Event "PRO League KO Stage"]
[Site "Chess.com INT"]
[Date "2019.03.26"]
[Round "2"]
[White "Bloomer, Josh S"]
[Black "Grabinsky, Joshua"]
[Result "0-1"]
[WhiteElo "1950"]
[BlackElo "2078"]
[PlyCount "120"]
[EventDate "2019.03.19"]
[EventType "team-k.o. (rapid)"]
[EventRounds "4"]
[EventCountry "USA"]
[SourceTitle "CBM 189 Extra"]
[Source "ChessBase"]
[SourceDate "2019.06.03"]
[SourceVersion "1"]
[SourceVersionDate "2019.06.03"]
[SourceQuality "1"]
[WhiteTeam "Saint Louis Arch Bishops"]
[BlackTeam "Webster Windmills"]
[WhiteTeamCountry "USA"]
[BlackTeamCountry "USA"]

1. d4 Nf6 2. c4 e6 3. Nc3 Bb4 4. Qc2 d5 5. cxd5 Qxd5 6. e3 0-0 7. Bd2 Bxc3 8. Bxc3 Rd8 9. Nf3 b6 10. Qa4 Bb7 11. Be2 Ne4 12. 0-0 g5 13. Bc4 Qf5 14. Qc2 Nxc3 15. Qxf5 exf5 16. bxc3 Bxf3 17. gxf3 c5 18. Bd3 cxd4 19. cxd4 Rd5 20. f4 gxf4 21. Be2 Rd6 22. Bf3 Nc6 23. Rfc1 Rc8 24. Rc3 Ne7 25. Rxc8+ Nxc8 26. Rc1 Ne7 27. Rc7 Ng6 28. Kf1 a5 29. Be2 fxe3 30. fxe3 f4 31. Bc4 fxe3 32. Bxf7+ Kf8 33. Bxg6 hxg6 34. Ke2 Rxd4 35. Kxe3 Rb4 36. Rb7 Rb2 37. h4 b5 38. Kd3 b4 39. Kc4 Rxa2 40. Ra7 Rh2 41. Rxa5 Rxh4+ 42. Kd3 Kg7 43. Rb5 Rh3+ 44. Ke4 Rb3 45. Kf4 Kh6 46. Kg4 Rb1 47. Rb8 b3 48. Kg3 Kh5 49. Kg2 g5 50. Rb5 Kh4 51. Rb4+ g4 52. Rb8 Rb2+ 53. Kf1 Kh3 54. Rh8+ Kg3 55. Rb8 Rb1+ 56. Ke2 Kg2 57. Rg8 g3 58. Ke3 b2 59. Kf4 Rf1+ 60. Ke3 b1Q 0-1

[Event "PRO League KO Stage"]
[Site "Chess.com INT"]
[Date "2019.03.26"]
[Round "2"]
[White "Nyzhnyk, Illya"]
[Black "Bloomer, Josh S"]
[Result "1-0"]
[WhiteElo "2638"]
[BlackElo "1950"]
[PlyCount "77"]
[EventDate "2019.03.19"]
[EventType "team-k.o. (rapid)"]
[EventRounds "4"]
[EventCountry "USA"]
[SourceTitle "CBM 189 Extra"]
[Source "ChessBase"]
[SourceDate "2019.06.03"]
[SourceVersion "1"]
[SourceVersionDate "2019.06.03"]
[SourceQuality "1"]
[WhiteTeam "Webster Windmills"]
[BlackTeam "Saint Louis Arch Bishops"]
[WhiteTeamCountry "USA"]
[BlackTeamCountry "USA"]

1. d4 Nf6 2. Nf3 d5 3. Bf4 e6 4. e3 Bd6 5. c3 0-0 6. Nbd2 c5 7. Bg3 Qc7 8. Ne5 b6 9. Bd3 Bb7 10. Qf3 Nbd7 11. Nxd7 Nxd7 12. Bxd6 Qxd6 13. Qh3 g6 14. Nf3 e5 15. Bb5 Bc8 16. Bxd7 Bxd7 17. Qg3 cxd4 18. exd4 f6 19. 0-0 Rae8 20. Rfe1 Bf5 21. dxe5 fxe5 22. Rxe5 Rxe5 23. Qxe5 Qxe5 24. Nxe5 Re8 25. Re1 Kg7 26. f3 Rc8 27. g4 Bc2 28. Kf2 Ba4 29. Nd3 Rc7 30. Nf4 Rd7 31. Ne6+ Kf7 32. Nd4 Rc7 33. Re5 Rc5 34. Ne6 Rc8 35. Ng5+ Kf6 36. Rxd5 h6 37. Ne4+ Kg7 38. Rd4 Bc2 39. Rd7+ 1-0

[Event "PRO League KO Stage"]
[Site "Chess.com INT"]
[Date "2019.03.21"]
[Round "1"]
[White "Bloomer, Josh S"]
[Black "Guseinov, Gadir"]
[Result "0-1"]
[WhiteElo "1950"]
[BlackElo "2664"]
[PlyCount "58"]
[EventDate "2019.03.19"]
[EventType "team-k.o. (rapid)"]
[EventRounds "4"]
[EventCountry "USA"]
[SourceTitle "CBM 189 Extra"]
[Source "ChessBase"]
[SourceDate "2019.06.03"]
[SourceVersion "1"]
[SourceVersionDate "2019.06.03"]
[SourceQuality "1"]
[WhiteTeam "Saint Louis Arch Bishops"]
[BlackTeam "Montclair Sopranos"]
[WhiteTeamCountry "USA"]
[BlackTeamCountry "USA"]

1. e4 c5 2. Nf3 Nc6 3. d4 cxd4 4. Nxd4 g6 5. c4 Bg7 6. Be3 Qb6 7. Nb3 Qd8 8. Qd2 Nf6 9. f3 d6 10. Be2 0-0 11. Nc3 a5 12. 0-0 a4 13. Nd4 Bd7 14. Rfd1 Qa5 15. Rac1 Rfc8 16. Ndb5 Be6 17. Nd5 Qxd2 18. Bxd2 Nxd5 19. cxd5 Nd4 20. Nxd4 Bxd4+ 21. Kf1 Bd7 22. b4 Bb2 23. Rxc8+ Rxc8 24. Bd3 a3 25. Ke2 Ba4 26. Rf1 Bb3 27. axb3 a2 28. Bc4 b5 29. Bd3 Bc1 0-1

[Event "PRO League KO Stage"]
[Site "Chess.com INT"]
[Date "2019.03.21"]
[Round "1"]
[White "Bloomer, Josh S"]
[Black "Rohde, Michael A"]
[Result "0-1"]
[WhiteElo "1950"]
[BlackElo "2358"]
[PlyCount "84"]
[EventDate "2019.03.19"]
[EventType "team-k.o. (rapid)"]
[EventRounds "4"]
[EventCountry "USA"]
[SourceTitle "CBM 189 Extra"]
[Source "ChessBase"]
[SourceDate "2019.06.03"]
[SourceVersion "1"]
[SourceVersionDate "2019.06.03"]
[SourceQuality "1"]
[WhiteTeam "Saint Louis Arch Bishops"]
[BlackTeam "Montclair Sopranos"]
[WhiteTeamCountry "USA"]
[BlackTeamCountry "USA"]

1. e4 c5 2. Nf3 e6 3. b3 b6 4. Bd3 Bb7 5. 0-0 a6 6. Bb2 d6 7. a4 Nd7 8. Na3 Ngf6 9. Nc4 Be7 10. e5 dxe5 11. Nfxe5 Nxe5 12. Nxe5 Qd5 13. f3 0-0 14. Qe1 Qd6 15. Qh4 h6 16. Rae1 Nd5 17. Qe4 f5 18. Qc4 Bf6 19. f4 a5 20. Ba3 Qc7 21. b4 axb4 22. Bb2 Ba6 23. Qa2 Bxd3 24. Nxd3 c4 25. Ne5 b5 26. a5 Rxa5 27. Qb1 Kh7 28. g3 c3 29. dxc3 bxc3 30. Bc1 b4 31. Qb3 Ra1 32. Kg2 Rfa8 33. Nf3 Qc6 34. Kg1 Rc8 35. Re2 Qa4 36. Qxa4 Rxa4 37. Rxe6 Ra2 38. Re2 b3 39. Ne5 b2 40. Be3 Ra1 41. Ree1 Rxe1 42. Rxe1 Nxe3 0-1

[Event "PRO League KO Stage"]
[Site "Chess.com INT"]
[Date "2019.03.21"]
[Round "1"]
[White "Checa, Nicolas D"]
[Black "Bloomer, Josh S"]
[Result "1/2-1/2"]
[WhiteElo "2506"]
[BlackElo "1950"]
[PlyCount "69"]
[EventDate "2019.03.19"]
[EventType "team-k.o. (rapid)"]
[EventRounds "4"]
[EventCountry "USA"]
[SourceTitle "CBM 189 Extra"]
[Source "ChessBase"]
[SourceDate "2019.06.03"]
[SourceVersion "1"]
[SourceVersionDate "2019.06.03"]
[SourceQuality "1"]
[WhiteTeam "Montclair Sopranos"]
[BlackTeam "Saint Louis Arch Bishops"]
[WhiteTeamCountry "USA"]
[BlackTeamCountry "USA"]

1. d4 Nf6 2. c4 e6 3. Nf3 d5 4. Bg5 Bb4+ 5. Nc3 h6 6. Bxf6 Qxf6 7. e3 0-0 8. Rc1 Nc6 9. a3 Bxc3+ 10. Rxc3 dxc4 11. Bxc4 e5 12. dxe5 Nxe5 13. Nxe5 Qxe5 14. 0-0 c6 15. Qb3 Qe7 16. Rd1 Bf5 17. f3 Rfd8 18. e4 Rxd1+ 19. Qxd1 Rd8 20. Rd3 Rxd3 21. Qxd3 Qc5+ 22. Kf1 Be6 23. b3 Qxa3 24. Bxe6 Qc1+ 25. Kf2 Qc5+ 26. Kg3 Qe5+ 27. f4 Qxe6 28. e5 Qg6+ 29. Qxg6 fxg6 30. Kf3 a5 31. g4 b5 32. Ke4 Kf7 33. h4 Ke7 34. Kd4 Ke6 35. g5 1/2-1/2

[Event "PRO League Stage"]
[Site "Chess.com INT"]
[Date "2019.03.13"]
[Round "10"]
[White "Griffith, Kyron"]
[Black "Bloomer, Josh S"]
[Result "0-1"]
[WhiteElo "2340"]
[BlackElo "1950"]
[PlyCount "88"]
[EventDate "2019.01.08"]
[EventType "team-swiss (rapid)"]
[EventRounds "10"]
[EventCountry "USA"]
[SourceTitle "CBM 189 Extra"]
[Source "ChessBase"]
[SourceDate "2019.06.03"]
[SourceVersion "1"]
[SourceVersionDate "2019.06.03"]
[SourceQuality "1"]
[WhiteTeam "New York Marshalls"]
[BlackTeam "Saint Louis Arch Bishops"]
[WhiteTeamCountry "USA"]
[BlackTeamCountry "USA"]

1. Nf3 Nf6 2. g3 g6 3. Bg2 Bg7 4. 0-0 0-0 5. d3 d5 6. c3 c5 7. Qb3 Nc6 8. Re1 b6 9. e4 dxe4 10. dxe4 e5 11. Na3 Be6 12. Qc2 h6 13. Nd2 Qe7 14. Ndc4 Rad8 15. Ne3 Rfe8 16. Bf1 Qc7 17. Nb5 Qb8 18. a4 Na5 19. b4 cxb4 20. cxb4 Nb3 21. Rb1 Nd4 22. Nxd4 exd4 23. Ng2 Ng4 24. Qd1 Ne5 25. f4 Bg4 26. Be2 Bxe2 27. Rxe2 Nf3+ 28. Kh1 d3 29. Re3 d2 30. Rxf3 dxc1Q 31. Qxc1 Rxe4 32. f5 Qd6 33. fxg6 fxg6 34. Nf4 Rxb4 35. Rxb4 Qxb4 36. Nxg6 Qxa4 37. Qe3 Qd1+ 38. Kg2 Qc2+ 39. Rf2 Qxg6 40. h4 Re8 41. Qa3 Qe4+ 42. Kh2 Be5 43. Qb3+ Kh8 44. Kg1 Bd4 0-1

[Event "PRO League Stage"]
[Site "Chess.com INT"]
[Date "2019.02.20"]
[Round "7"]
[White "Bloomer, Josh S"]
[Black "Bashkansky, Naomi"]
[Result "1-0"]
[WhiteElo "1950"]
[BlackElo "1994"]
[PlyCount "51"]
[EventDate "2019.01.08"]
[EventType "team-swiss (rapid)"]
[EventRounds "10"]
[EventCountry "USA"]
[SourceTitle "CBM 189 Extra"]
[Source "ChessBase"]
[SourceDate "2019.06.03"]
[SourceVersion "1"]
[SourceVersionDate "2019.06.03"]
[SourceQuality "1"]
[WhiteTeam "Saint Louis Arch Bishops"]
[BlackTeam "Seattle Sluggers"]
[WhiteTeamCountry "USA"]
[BlackTeamCountry "USA"]

1. e4 e5 2. Nf3 Nc6 3. Bc4 Bc5 4. 0-0 d6 5. c3 Bg4 6. b4 Bb6 7. a4 a5 8. b5 Nce7 9. Bxf7+ Kf8 10. Bb3 Nf6 11. d3 h5 12. Be3 g6 13. Na3 Kg7 14. Nc4 Rf8 15. Nxb6 cxb6 16. h3 Bxf3 17. Qxf3 Nfd5 18. Qg3 Nxc3 19. Rae1 Rc8 20. f4 Qc7 21. f5 Qd8 22. Bg5 Kh8 23. fxg6 Kg7 24. Rf7+ Rxf7 25. gxf7 Kf8 26. Bh6# 1-0

[Event "PRO League Stage"]
[Site "Chess.com INT"]
[Date "2019.02.20"]
[Round "7"]
[White "Bloomer, Josh S"]
[Black "Hong, Andrew Z"]
[Result "1-0"]
[WhiteElo "1950"]
[BlackElo "2390"]
[PlyCount "95"]
[EventDate "2019.01.08"]
[EventType "team-swiss (rapid)"]
[EventRounds "10"]
[EventCountry "USA"]
[SourceTitle "CBM 189 Extra"]
[Source "ChessBase"]
[SourceDate "2019.06.03"]
[SourceVersion "1"]
[SourceVersionDate "2019.06.03"]
[SourceQuality "1"]
[WhiteTeam "Saint Louis Arch Bishops"]
[BlackTeam "San Francisco Mechanics"]
[WhiteTeamCountry "USA"]
[BlackTeamCountry "USA"]

1. e4 c5 2. Nf3 d6 3. d4 cxd4 4. Nxd4 Nf6 5. Nc3 a6 6. Bg5 Nbd7 7. Bc4 Qb6 8. Bb3 e6 9. Be3 Nc5 10. f3 Be7 11. Qd2 Nxb3 12. axb3 Qd8 13. 0-0-0 e5 14. Nde2 Be6 15. g4 a5 16. g5 Nd7 17. Kb1 Qb8 18. f4 f6 19. Nd5 Bd8 20. Nec3 b5 21. gxf6 gxf6 22. Rhg1 Rg8 23. Rxg8+ Bxg8 24. Rg1 Bf7 25. Rg7 Nf8 26. fxe5 dxe5 27. Qf2 Ra6 28. Bc5 b4 29. Na4 Qc8 30. Bxf8 Kxf8 31. Rxh7 Rc6 32. Rh8+ Kg7 33. Qh4 Bg8 34. Ne3 f5 35. Nxf5+ Qxf5 36. Rxg8+ Kxg8 37. Qxd8+ Qf8 38. Qd5+ Qf7 39. Qxc6 Kh8 40. Qh6+ Kg8 41. Qg5+ Kh7 42. Nc5 Qf1+ 43. Ka2 Qf7 44. Qxe5 Qa7 45. Qd5 a4 46. Qd7+ Qxd7 47. Nxd7 axb3+ 48. Kxb3 1-0

[Event "PRO League Stage"]
[Site "Chess.com INT"]
[Date "2019.02.20"]
[Round "7"]
[White "Kulkarni, Rakesh"]
[Black "Bloomer, Josh S"]
[Result "0-1"]
[WhiteElo "2298"]
[BlackElo "1950"]
[PlyCount "154"]
[EventDate "2019.01.08"]
[EventType "team-swiss (rapid)"]
[EventRounds "10"]
[EventCountry "USA"]
[SourceTitle "CBM 189 Extra"]
[Source "ChessBase"]
[SourceDate "2019.06.03"]
[SourceVersion "1"]
[SourceVersionDate "2019.06.03"]
[SourceQuality "1"]
[WhiteTeam "Mumbai Movers"]
[BlackTeam "Saint Louis Arch Bishops"]
[WhiteTeamCountry "IND"]
[BlackTeamCountry "USA"]

1. e4 c5 2. c3 Nf6 3. e5 Nd5 4. d4 cxd4 5. Nf3 Nc6 6. cxd4 d6 7. Bc4 dxe5 8. dxe5 Ndb4 9. Qe2 Bf5 10. 0-0 Bd3 11. Bxd3 Qxd3 12. Re1 0-0-0 13. Na3 Qxe2 14. Rxe2 Rd1+ 15. Re1 Rxe1+ 16. Nxe1 Nxe5 17. Be3 a6 18. Rc1+ Nbc6 19. Bf4 Ng6 20. Bg3 e6 21. Nc4 Kd7 22. Rd1+ Ke8 23. Nf3 Bc5 24. a3 f6 25. b4 Be7 26. Nb6 Nf8 27. Bc7 e5 28. Nd2 Ne6 29. Nd5 Nxc7 30. Nxc7+ Kf7 31. Ne4 Rd8 32. Rc1 f5 33. Ng3 g6 34. Kf1 Rd7 35. Nxa6 Rd3 36. Nc5 Bxc5 37. Rxc5 Rxa3 38. b5 Ra1+ 39. Ke2 Nd4+ 40. Kd3 Ke6 41. f4 exf4 42. Kxd4 fxg3 43. hxg3 Rd1+ 44. Ke3 Rd5 45. Rc7 Rxb5 46. Rxh7 Rb3+ 47. Kf2 Rb4 48. Kf3 b5 49. Rb7 Kf6 50. Ke3 Kg5 51. Rb6 Rb3+ 52. Kf2 b4 53. Kg1 Kh6 54. Kh2 Rb1 55. g4 f4 56. Rb5 b3 57. Rb8 Kg5 58. Rb6 b2 59. Rb4 Kxg4 60. Rb5 g5 61. Rb8 Kf5 62. Rb5+ Ke4 63. Rb8 Ke3 64. Rb3+ Kf2 65. Rf3+ Ke2 66. Rb3 Kf2 67. Rf3+ Ke2 68. Rb3 g4 69. g3 f3 70. Re3+ Kf1 71. Rb3 Re1 72. Rxb2 Re2+ 73. Kh1 Re5 74. Rh2 f2 75. Rh8 Ke1 76. Rf8 f1Q+ 77. Rxf1+ Kxf1 0-1

[Event "PRO League Stage"]
[Site "Chess.com INT"]
[Date "2019.02.20"]
[Round "7"]
[White "Manu David, Suthandram R"]
[Black "Bloomer, Josh S"]
[Result "1-0"]
[WhiteElo "2252"]
[BlackElo "1950"]
[PlyCount "93"]
[EventDate "2019.01.08"]
[EventType "team-swiss (rapid)"]
[EventRounds "10"]
[EventCountry "USA"]
[SourceTitle "CBM 189 Extra"]
[Source "ChessBase"]
[SourceDate "2019.06.03"]
[SourceVersion "1"]
[SourceVersionDate "2019.06.03"]
[SourceQuality "1"]
[WhiteTeam "Delhi Dynamite"]
[BlackTeam "Saint Louis Arch Bishops"]
[WhiteTeamCountry "IND"]
[BlackTeamCountry "USA"]

1. e4 c5 2. Nf3 d6 3. c3 Nf6 4. Bc4 Nc6 5. d3 e6 6. 0-0 Be7 7. Bb3 0-0 8. Re1 b6 9. d4 Bb7 10. Nbd2 cxd4 11. cxd4 Rc8 12. Nf1 d5 13. e5 Ne4 14. a3 Na5 15. Bc2 f5 16. exf6 Bxf6 17. Ng3 Nc4 18. Nxe4 dxe4 19. Bxe4 Bxe4 20. Rxe4 e5 21. d5 Rc5 22. Re1 Qxd5 23. Qe2 e4 24. Qxe4 Qxe4 25. Rxe4 Nxb2 26. Be3 Rc2 27. Bd4 Bxd4 28. Rxd4 Rfc8 29. h3 R2c7 30. Kh2 Nc4 31. a4 h6 32. Rad1 a6 33. Nh4 b5 34. axb5 axb5 35. Rb1 Rc5 36. Ng6 R8c7 37. Nf4 R7c6 38. Nd3 Rf5 39. g4 Rf3 40. Rxb5 Rc7 41. Kg2 Rf6 42. h4 Rfc6 43. h5 Nd6 44. Rb8+ Kh7 45. Ne5 Ra6 46. Ng6 Nf7 47. Nf8+ 1-0

[Event "PRO League Stage"]
[Site "Chess.com INT"]
[Date "2019.02.14"]
[Round "6"]
[White "Bloomer, Josh S"]
[Black "Rohde, Michael A"]
[Result "1/2-1/2"]
[WhiteElo "1950"]
[BlackElo "2358"]
[PlyCount "117"]
[EventDate "2019.01.08"]
[EventType "team-swiss (rapid)"]
[EventRounds "10"]
[EventCountry "USA"]
[SourceTitle "CBM 189 Extra"]
[Source "ChessBase"]
[SourceDate "2019.06.03"]
[SourceVersion "1"]
[SourceVersionDate "2019.06.03"]
[SourceQuality "1"]
[WhiteTeam "Saint Louis Arch Bishops"]
[BlackTeam "Montclair Sopranos"]
[WhiteTeamCountry "USA"]
[BlackTeamCountry "USA"]

1. e4 c5 2. Nf3 e6 3. d4 cxd4 4. Nxd4 Nc6 5. Nc3 Qc7 6. Be3 Nf6 7. Qf3 a6 8. 0-0-0 Bb4 9. Nxc6 bxc6 10. Bd4 Be7 11. e5 Nd5 12. Ne4 0-0 13. Nf6+ Nxf6 14. exf6 Bxf6 15. Bxf6 gxf6 16. Qxf6 Qd8 17. Qh6 f5 18. Bd3 Qf6 19. Qh5 e5 20. f3 d5 21. g4 Ra7 22. Rhg1 Rg7 23. gxf5 Bxf5 24. Bxf5 Qxf5 25. Rxg7+ Kxg7 26. Rg1+ Kh8 27. Qxf5 Rxf5 28. Rg3 h5 29. Kd2 Kh7 30. Ke3 Kh6 31. Rg8 Rg5 32. Rc8 Rg6 33. Re8 h4 34. Rxe5 h3 35. Kf4 a5 36. Kf5 Rg5+ 37. Kf4 Rg6 38. Re8 Kg7 39. Re7+ Kg8 40. Rc7 a4 41. Kf5 Rg2 42. Rxc6 Rxh2 43. Kg4 d4 44. Kg3 Rd2 45. Kxh3 d3 46. cxd3 Rxb2 47. Kg4 Rxa2 48. Ra6 Rd2 49. Rxa4 Rxd3 50. Ra7 Rd6 51. f4 Kf8 52. Kf5 Rb6 53. Kg5 Rc6 54. f5 Rb6 55. Rc7 Ra6 56. Rh7 Rb6 57. Rd7 Ra6 58. Rb7 Rc6 59. f6 1/2-1/2

[Event "PRO League Stage"]
[Site "Chess.com INT"]
[Date "2019.02.14"]
[Round "6"]
[White "Charbonneau, Pascal"]
[Black "Bloomer, Josh S"]
[Result "1-0"]
[WhiteElo "2505"]
[BlackElo "1950"]
[PlyCount "72"]
[EventDate "2019.01.08"]
[EventType "team-swiss (rapid)"]
[EventRounds "10"]
[EventCountry "USA"]
[SourceTitle "CBM 189 Extra"]
[Source "ChessBase"]
[SourceDate "2019.06.03"]
[SourceVersion "1"]
[SourceVersionDate "2019.06.03"]
[SourceQuality "1"]
[WhiteTeam "Montclair Sopranos"]
[BlackTeam "Saint Louis Arch Bishops"]
[WhiteTeamCountry "USA"]
[BlackTeamCountry "USA"]

1. c4 e5 2. Nc3 Nf6 3. g3 d5 4. cxd5 Nxd5 5. Nf3 Nc6 6. Bg2 Nb6 7. 0-0 Be7 8. a3 a5 9. d3 0-0 10. Be3 Be6 11. Rc1 f5 12. Na4 f4 13. Bc5 Bd6 14. Bxb6 cxb6 15. Nc3 h6 16. Ne4 Bc7 17. Qa4 Qd7 18. Rfd1 Qf7 19. Rc3 Bd5 20. Rdc1 Rac8 21. e3 Qh5 22. Nh4 f3 23. Bh3 Ra8 24. Bg4 Qf7 25. Bxf3 Rad8 26. Bg2 g5 27. Nf3 Qh5 28. Nfd2 Qe2 29. Qd1 Qxd1+ 30. Rxd1 b5 31. Rc5 Be6 32. Rxb5 Rxd3 33. Nc5 Rd6 34. Nxe6 Rxe6 35. Bd5 Rfe8 36. Rxb7 Bd6 1-0

[Event "PRO League Stage"]
[Site "Chess.com INT"]
[Date "2019.01.30"]
[Round "4"]
[White "Bloomer, Josh S"]
[Black "Rodrigue Lemieux, Shawn"]
[Result "0-1"]
[WhiteElo "1950"]
[BlackElo "2293"]
[PlyCount "84"]
[EventDate "2019.01.08"]
[EventType "team-swiss (rapid)"]
[EventRounds "10"]
[EventCountry "USA"]
[SourceTitle "CBM 188 Extra"]
[Source "ChessBase"]
[SourceDate "2019.02.26"]
[SourceVersion "1"]
[SourceVersionDate "2019.02.26"]
[SourceQuality "1"]
[WhiteTeam "Saint Louis Arch Bishops"]
[BlackTeam "Montreal Chessbrahs"]
[WhiteTeamCountry "USA"]
[BlackTeamCountry "CAN"]

1. e4 c6 2. d4 d5 3. exd5 cxd5 4. Bd3 Nc6 5. c3 Nf6 6. Ne2 g6 7. 0-0 Bg7 8. Bg5 0-0 9. Nd2 e5 10. dxe5 Nxe5 11. Bc2 Re8 12. Nd4 h6 13. Bh4 Qb6 14. Bb3 Bg4 15. N2f3 Rad8 16. h3 Bc8 17. Nxe5 Rxe5 18. Bg3 Rh5 19. Re1 Ne4 20. Bf4 Qf6 21. Qf3 Ng5 22. Bxg5 Qxg5 23. Kf1 Qh4 24. Rad1 b6 25. Bc2 Bb7 26. Re3 Bf6 27. Rde1 Kg7 28. Bd3 Rd7 29. g4 Rg5 30. Qg2 Bxd4 31. cxd4 h5 32. f4 Rxg4 33. hxg4 hxg4 34. f5 Rd6 35. fxg6 Rf6+ 36. Kg1 Bc8 37. Re7 Be6 38. gxf7 Qxe1+ 39. Bf1 Qe3+ 40. Kh1 Rh6+ 41. Qh2 Qf3+ 42. Kg1 Rxh2 0-1

[Event "PRO League Stage"]
[Site "Chess.com INT"]
[Date "2019.01.30"]
[Round "4"]
[White "Myers, Dominique"]
[Black "Bloomer, Josh S"]
[Result "0-1"]
[WhiteElo "2018"]
[BlackElo "1950"]
[PlyCount "72"]
[EventDate "2019.01.08"]
[EventType "team-swiss (rapid)"]
[EventRounds "10"]
[EventCountry "USA"]
[SourceTitle "CBM 188 Extra"]
[Source "ChessBase"]
[SourceDate "2019.02.26"]
[SourceVersion "1"]
[SourceVersionDate "2019.02.26"]
[SourceQuality "1"]
[WhiteTeam "Miami Champions"]
[BlackTeam "Saint Louis Arch Bishops"]
[WhiteTeamCountry "USA"]
[BlackTeamCountry "USA"]

1. e4 c5 2. Nf3 d6 3. d4 cxd4 4. Nxd4 Nf6 5. Nc3 g6 6. Be3 Bg7 7. h3 0-0 8. g4 Nc6 9. Bg2 Bd7 10. 0-0 Rc8 11. Nce2 Na5 12. b3 e5 13. Nf3 Nxe4 14. Nxe5 Bxe5 15. Bxe4 Qh4 16. Nf4 g5 17. Nd5 Qxh3 18. f4 gxf4 19. Rxf4 Kh8 20. Bg2 Qh4 21. c4 Rg8 22. Bd4 Bxg4 23. Qd3 Nc6 24. Bxe5+ Nxe5 25. Qd4 Qg5 26. Kf1 Be6 27. Rf2 Rg6 28. Re1 Bxd5 29. Bxd5 Qh5 30. Be4 Rg4 31. Re3 Rcg8 32. Ref3 Qh1+ 33. Ke2 Qh4 34. Ke3 Re8 35. Rf4 Rxf4 36. Rxf4 Qe1# 0-1

[Event "PRO League Stage"]
[Site "Chess.com INT"]
[Date "2019.01.22"]
[Round "3"]
[White "Thavandiran, Shiyam"]
[Black "Bloomer, Josh S"]
[Result "1-0"]
[WhiteElo "2410"]
[BlackElo "1950"]
[PlyCount "123"]
[EventDate "2019.01.08"]
[EventType "team-swiss (rapid)"]
[EventRounds "10"]
[EventCountry "USA"]
[SourceTitle "CBM 188 Extra"]
[Source "ChessBase"]
[SourceDate "2019.02.26"]
[SourceVersion "1"]
[SourceVersionDate "2019.02.26"]
[SourceQuality "1"]
[WhiteTeam "Montreal Chessbrahs"]
[BlackTeam "Saint Louis Arch Bishops"]
[WhiteTeamCountry "CAN"]
[BlackTeamCountry "USA"]

1. e4 e5 2. Bc4 Nf6 3. d3 Nc6 4. Nc3 Na5 5. Nge2 Bc5 6. 0-0 d6 7. a3 Nxc4 8. dxc4 Be6 9. Qd3 a5 10. b3 h6 11. h3 0-0 12. Kh2 Nd7 13. f4 f5 14. fxe5 Nxe5 15. Qg3 Kh7 16. Bb2 Qg5 17. Nb5 Qxg3+ 18. Kxg3 Rac8 19. Nbd4 Bd7 20. exf5 Rce8 21. a4 Re7 22. Rae1 Ref7 23. Ne6 Bxe6 24. fxe6 Rxf1 25. Rxf1 Rxf1 26. e7 Bf2+ 27. Kh2 Bg1+ 28. Nxg1 Re1 29. e8Q Ng4+ 30. hxg4 Rxe8 31. Kg3 Re1 32. Nf3 Re2 33. Nd4 Rd2 34. Bc3 Rd1 35. Ne2 b6 36. Kf2 Kg8 37. Ke3 Kf7 38. Bd2 Rf1 39. Ng3 Ra1 40. Nf5 Ra2 41. Kd3 Ra1 42. Nxg7 Rg1 43. Nf5 Rxg2 44. Nxh6+ Kg6 45. g5 Rg3+ 46. Be3 Rh3 47. Ng8 Rh2 48. Ne7+ Kf7 49. Nd5 c5 50. Nxb6 Ke6 51. Nd5 Rh1 52. Bd2 Rh3+ 53. Be3 Rg3 54. g6 Kd7 55. Nf4 Kc6 56. Ke2 Rg4 57. Kf3 Rg5 58. Bd2 Kb6 59. Bc3 Rg1 60. g7 Kc6 61. Ng2 Rf1+ 62. Ke2 1-0